|
|
|
|
| LEADER |
00000naa2a2200000 4500 |
| 001 |
202654 |
| 005 |
20231031185419.0 |
| 035 |
|
|
|a (RuTPU)RU\TPU\book\220841
|
| 090 |
|
|
|a 202654
|
| 100 |
|
|
|a 20111017d2009 k y0rusy50 ca
|
| 101 |
0 |
|
|a rus
|
| 102 |
|
|
|a RU
|
| 200 |
1 |
|
|a Разработка автоматизированного рабочего места диспетчера такси
|f Е. С. Федоренко
|
| 461 |
|
1 |
|0 (RuTPU)RU\TPU\book\209223
|t Молодежь и современные информационные технологии
|o сборник трудов VII Всероссийской научно-практической конференции студентов, аспирантов и молодых ученых, Томск, 25-27 февраля 2009
|f Томский политехнический университет (ТПУ), Институт "Кибернетический центр"
|d 2009
|
| 463 |
|
0 |
|0 (RuTPU)RU\TPU\book\208775
|t Ч. 1
|v С. 341-342
|d 2009
|p 357 с.
|
| 610 |
1 |
|
|a автоматизированное рабочее место
|
| 610 |
1 |
|
|a такси
|
| 610 |
1 |
|
|a диспетчеры
|
| 610 |
1 |
|
|a разработка
|
| 610 |
1 |
|
|a труды учёных ТПУ
|
| 700 |
|
1 |
|a Федоренко
|b Е. С.
|
| 801 |
|
1 |
|a RU
|b 63413507
|c 20111017
|
| 942 |
|
|
|c BK
|